000 01020cam a2200217 4500
001 ABS66256
008 021219n2002 000 0 eng u
035 _a(Sirsi) u120845
100 _aDyer, C
245 _aPrescott gives order to fire
260 _c2002
490 _aHealth and Safety Bulletin
_v (312) October 2002, 13-20(8)
520 _aReports on government proposal to consolidate and rationalise workplace legislation on fire precautions. The proposed Regulatory Reform (Fire safety) Order will replace the Fire Precautions Act 1971, the Fire Precautions (Workplace) Regulations 1997, and much of the remaining legislation, in an attempt to have one fire safety regime. It takes a detailed look at each aspect of the proposed regulations.
590 _aABS
650 _aFIRE PRECAUTIONS
650 _aFIRE PRECAUTIONS ACT 1971
650 _aFIRE PRECAUTIONS (WORKPLACE) REGULATIONS 1997
650 _aREGULATORY REFORM (FIRE SAFETY) ORDER 2005
690 _aHealth and safety
_96244
942 _n0
999 _c71823
_d71823